| 000 | 00376nam a22001577a 4500 | ||
|---|---|---|---|
| 003 | CEME | ||
| 005 | 20210628204147.0 | ||
| 008 | 210107b xxu||||| |||| 00| 0 eng d | ||
| 040 | _c. | ||
| 082 | _a620.18 TAN | ||
| 100 |
_aTan C. Seng _969017 |
||
| 245 | _aStress concentration in laminated composite | ||
| 260 | _bTAYLOR | ||
| 650 |
_aDATA LOST _968546 |
||
| 942 |
_cBK _2ddc |
||
| 999 |
_c576443 _d576443 |
||